Original Pokemon Quiz - Gen 1 - Statistics

General Stats
  • This quiz has been taken 118 times
  • The average score is 100 of 151
Answer Stats
Dex Number Type Pokemon % Correct
#001 Grass/Poison Bulbasaur
98%
#004 Fire Charmander
98%
#005 Fire Charmeleon
98%
#002 Grass/Poison Ivysaur
98%
#007 Water Squirtle
98%
#003 Grass/Poison Venusaur
98%
#008 Water Wartortle
98%
#006 Fire/Flying Charizard
96%
#009 Water Blastoise
94%
#015 Bug/Poison Beedrill
91%
#025 Electric Pikachu
89%
#012 Bug/Flying Butterfree
87%
#014 Bug/Poison Kakuna
87%
#011 Bug Metapod
87%
#018 Normal/Flying Pidgeot
87%
#016 Normal/Flying Pidgey
87%
#013 Bug/Poison Weedle
87%
#010 Bug Caterpie
85%
#026 Electric Raichu
85%
#074 Rock/Ground Geodude
83%
#039 Normal/Fairy Jigglypuff
83%
#151 Psychic Mew
83%
#017 Normal/Flying Pidgeotto
83%
#021 Normal/Flying Spearow
83%
#145 Electric/Flying Zapdos
83%
#035 Fairy Clefairy
81%
#093 Ghost/Poison Haunter
81%
#063 Psychic Abra
79%
#065 Psychic Alakazam
79%
#036 Fairy Clefable
79%
#022 Normal/Flying Fearow
79%
#092 Ghost/Poison Gastly
79%
#150 Psychic Mewtwo
79%
#144 Ice/Flying Articuno
77%
#094 Ghost/Poison Gengar
77%
#075 Rock/Ground Graveler
77%
#068 Fighting Machamp
77%
#034 Ground/Poison Nidoking
77%
#031 Ground/Poison Nidoqueen
77%
#029 Poison NidoranF
77%
#032 Poison NidoranM
77%
#024 Poison Arbok
74%
#149 Dragon/Flying Dragonite
74%
#147 Dragon Dratini
74%
#023 Poison Ekans
74%
#067 Fighting Machoke
74%
#066 Fighting Machop
74%
#081 Steel/Electric Magnemite
74%
#146 Fire/Flying Moltres
74%
#148 Dragon Dragonair
72%
#133 Normal Eevee
72%
#076 Rock/Ground Golem
72%
#064 Psychic Kadabra
72%
#129 Water Magikarp
72%
#030 Poison Nidorina
72%
#033 Poison Nidorino
72%
#043 Grass/Poison Oddish
72%
#059 Fire Arcanine
70%
#106 Fighting Hitmonlee
70%
#082 Steel/Electric Magneton
70%
#095 Rock/Ground Onix
70%
#045 Grass/Poison Vileplume
70%
#044 Grass/Poison Gloom
68%
#107 Fighting Hitmonchan
68%
#109 Poison Koffing
68%
#089 Poison Muk
68%
#020 Normal Raticate
68%
#019 Normal Rattata
68%
#136 Fire Flareon
66%
#058 Fire Growlithe
66%
#130 Flying/Water Gyarados
66%
#126 Fire Magmar
66%
#049 Bug/Poison Venomoth
66%
#048 Bug/Poison Venonat
66%
#110 Poison Weezing
66%
#040 Normal/Fairy Wigglytuff
66%
#042 Flying/Poison Golbat
64%
#088 Poison Grimer
64%
#131 Water/Ice Lapras
64%
#052 Normal Meowth
64%
#060 Water Poliwag
64%
#124 Bug/Flying Scyther
64%
#143 Normal Snorlax
64%
#134 Water Vaporeon
64%
#100 Electric Voltorb
64%
#041 Flying/Poison Zubat
64%
#087 Water/Ice Dewgong
62%
#051 Ground Dugtrio
62%
#101 Electric Electrode
62%
#135 Electric Jolteon
62%
#140 Rock/Water Kabuto
62%
#141 Rock/Water Kabutops
62%
#061 Water Poliwhirl
62%
#062 Water/Fighting Poliwrath
62%
#086 Water Seel
62%
#072 Water/Poison Tentacool
62%
#073 Water/Poison Tentacruel
62%
#037 Fire Vulpix
62%
#142 Rock/Flying Aerodactyl
60%
#069 Grass/Poison Bellsprout
60%
#125 Ice/Psychic Jynx
60%
#046 Bug/Grass Paras
60%
#047 Bug/Grass Parasect
60%
#053 Normal Persian
60%
#027 Ground Sandshrew
60%
#028 Ground Sandslash
60%
#050 Ground Diglett
57%
#125 Electric Electabuzz
57%
#038 Fire Ninetales
57%
#078 Fire Rapidash
57%
#112 Ground/Rock Rhydon
57%
#119 Water Seaking
57%
#120 Water Staryu
57%
#077 Fire Ponyta
55%
#111 Ground/Rock Rhyhorn
55%
#121 Water/Psychic Starmie
55%
#071 Grass/Poison Victreebel
55%
#118 Water Goldeen
53%
#116 Water Horsea
53%
#097 Psychic Hypno
53%
#115 Normal Kangaskhan
53%
#117 Water Seadra
53%
#070 Grass/Poison Weepinbell
53%
#122 Psychic/Fairy Mr. Mime
51%
#138 Rock/Water Omanyte
51%
#139 Rock/Water Omastar
51%
#057 Fighting Primeape
51%
#079 Water/Psychic Slowpoke
51%
#056 Fighting Mankey
49%
#080 Water/Psychic Slowbro
49%
#128 Normal Tauros
49%
#091 Water/Ice Cloyster
47%
#096 Psychic Drowzee
47%
#055 Water Golduck
47%
#127 Bug Pinsir
47%
#054 Water Psyduck
47%
#090 Water Shellder
47%
#113 Normal Chansey
45%
#084 Normal/Flying Doduo
45%
#102 Grass/Psychic Exeggcute
45%
#085 Normal/Flying Dodrio
43%
#103 Grass/Psychic Exeggutor
43%
#114 Grass Tangela
43%
#137 Normal Porygon
40%
#132 Normal Ditto
34%
#083 Normal Farfetch'd
34%
#099 Water Kingler
34%
#098 Water Krabby
34%
#105 Ground Marowak
34%
#104 Ground Cubone
32%
#108 Normal Lickitung
28%
No matching quizzes found
Score Distribution
Percent of People with Each Score
Percentile by Number Answered
Your Score History
You have not taken this quiz